UCSC Library OPAC

ANTHARJALAYA HA EHI PRAYOJANA ( INTERNET AND ITS ADVANTAGES) (Record no. 22252)

MARC details
000 -LEADER
fixed length control field 00461nam a2200193Ia 4500
008 - FIXED-LENGTH DATA ELEMENTS--GENERAL INFORMATION
fixed length control field 240509s9999 xx 000 0 und d
020 ## - INTERNATIONAL STANDARD BOOK NUMBER
International Standard Book Number 0009559638327
041 ## - LANGUAGE CODE
Language code of text/sound track or separate title Sinhala
082 ## - DEWEY DECIMAL CLASSIFICATION NUMBER
Classification number 004.678
082 ## - DEWEY DECIMAL CLASSIFICATION NUMBER
Cutter number K16
100 ## - MAIN ENTRY--PERSONAL NAME
Personal name Karunanda,A.S
245 #0 - TITLE STATEMENT
Title ANTHARJALAYA HA EHI PRAYOJANA ( INTERNET AND ITS ADVANTAGES)
260 ## - PUBLICATION, DISTRIBUTION, ETC.
Name of publisher, distributor, etc. Tharangi Prints:Maharagama
260 ## - PUBLICATION, DISTRIBUTION, ETC.
Date of publication, distribution, etc. 1999
300 ## - PHYSICAL DESCRIPTION
Extent (Pages) 118 p.
650 ## - SUBJECT ADDED ENTRY--TOPICAL TERM
Topical term or geographic name entry element Internet
942 ## - ADDED ENTRY ELEMENTS (KOHA)
Source of classification or shelving scheme Dewey Decimal Classification
942 ## - ADDED ENTRY ELEMENTS (KOHA)
Koha item type Lending Book
945 ## - LOCAL PROCESSING INFORMATION (OCLC)
creator borrowernumber 1
creator name Madushi Gamage
modifier borrowernumber 1
modifier name Madushi Gamage
Holdings
Withdrawn status Lost status Source of classification or shelving scheme Damaged status Not for loan Collection code Home library Current library Shelving location Date acquired Cost, normal purchase price Inventory number Total Checkouts Full call number Barcode Date last seen Price effective from Koha item type
Written-off   Dewey Decimal Classification     Lending Collection UCSC Library UCSC Library Lending Section 20/07/2004 350.00 4705   004.678 K16 A14705 27/06/2024 27/06/2024 Lending Book
Written-off   Dewey Decimal Classification     Lending Collection UCSC Library UCSC Library Lending Section 20/07/2004   4696   004.678 K16 A14696 27/06/2024 27/06/2024 Lending Book
Written-off   Dewey Decimal Classification     Lending Collection UCSC Library UCSC Library Lending Section 20/07/2004   9127   004.678 K16 A20849 27/06/2024 27/06/2024 Lending Book